| 000 | 00657nam a2200193 i 4500 | ||
|---|---|---|---|
| 001 | 111345 | ||
| 003 | ES-MaACL | ||
| 005 | 20251013211955.0 | ||
| 007 | t| | ||
| 008 | 061121s1961 sp r ||||1| spa d | ||
| 100 | 1 |
_aNeira, Enrique. _9143964 |
|
| 245 | 1 | 4 |
_aUna lógica del problema de Jesús _b: esquemas e ilustraciones del pensamiento de Jean Guitton / _cauctore P. Henrico Neira, S. J. |
| 260 |
_aMadrid : _b[s. n.], _c1961 ( _fGráf. Halar) |
||
| 300 |
_a56 p. ; _c25 cm. |
||
| 600 | 1 | 4 |
_aGuitton, Jean, _d1901-1999 _960916 |
| 710 | 2 |
_aPontificia Universitas Gregoriana. _96235 |
|
| 852 |
_aES-MaACL _jC-21658 _bR.49296 |
||
| 999 |
_c111345 _d111345 |
||